000 00572nam a2200205Ia 4500
005 20250508170216.0
008 008 250505s9999 xx 000 0 eng d
037 _aTextBook
040 _aFEDL
_beng
_cFEDL
041 _aeng
_2eng
084 _a001.42, HOL/R
_qFEDL
100 _aHolliday Adrian
245 0 _aDoing and writing qualitative research
250 _a2
260 _aLondon, UK
_bSage
_c2007
300 _axiv, 199p.
546 _aPhotocopy and gifted by Prof. Salaja Chennat
942 _cTB
_h001.42, HOL/R
999 _c1399796
_d1399796